00558nam a2200181Ia 4500003000900000008004100009040001600050080001800066245008000084260003600164300001500200650004100215650002600256650003100282700002200313700002200335700001900357IN-BaIIA211028s9999 xx 000 0 eng d cIIA Library a(05)52bANN-3 0aAnnual review of astronomy and astrophysicsbvol. 3cedited by Leo Goldberg aPalo AltobAnnual Reviewsc1965 avii, 438p. aAstronomy and astrophysics thesaurus aAstronomy Periodicals aAstrophysics - Periodicals aDeutsch, A.J. ed. aGoldberg, Leo ed. aLayzer, D. ed.